00817 a2200157 45000010006000000050017000060080041000230030015000640400040000790800057001192450112001762640035002883000019003235050288003421000029006302989120260407155609.0260407a1981 arg spa dAR-UNSa-BCEJYS aAR-UNSa-BCEJYSbspacAR-UNSa-BCEJYS a657.471.1xClases de costos. Costos de producción 10aCostos especialespagropecuarios, bancarios, hospitalarios, construcción, transporte y comercilización. 1aBuenos Aires :bCangalloc1981 a378 p.c23 cm. a1. Costos agricolas - 2. Costos de la caña de azúcar - 3. Costos ganaderos - 4. Costos banacarios - 5. Costos hospitalarios - 6. Los costos en las empresas de transporte automotor - 7. Los costos de las empresas constructoras - 8. Costos de comercialización - 9. Legislación.1 aDominguez, Luis Martín